Segunda División 23/24 - Liga Hypermotion - Estadísticas

Estadísticas generales
  • Esta prueba ha sido intentada 101 veces
  • La puntuación promedio es 19 de 22
Estadísticas de respuestas
Equipo % Correcto
C.D. Leganés
92%
Real Oviedo
92%
Real Racing Club de Santander
92%
Real Sporting de Gijón
90%
Real Valladolid C.F.
90%
Real Zaragoza
89%
S.D. Huesca
88%
Elche C.F.
87%
Levante U.D.
87%
R.C.D. Espanyol de Barcelona
87%
S.D. Eibar
86%
Albacete Balompié
84%
C.D. Tenerife
83%
Villarreal C.F. "B"
83%
Racing Club Ferrol
82%
Burgos C.F.
81%
A.D. Alcorcón
80%
S.D. Amorebieta
79%
F.C. Andorra
76%
C.D. Eldense
74%
C.D. Mirandés
74%
F.C. Cartagena
74%
No se encontraron pruebas coincidentes
Distribución de puntuación
Porcentaje de gente con cada puntuación
Porcentaje por número respondido
Historial de tus puntuaciones
No has intentado esta prueba.